[Event "CAN op"]
[Site "Calgary CAN"]
[Date "2023.07.23"]
[Round "2.9"]
[White "Han, Johnathan"]
[Black "Superceanu, Andi"]
[Result "1-0"]
[WhiteElo "2404"]
[BlackElo "2095"]
[PlyCount "115"]
[EventDate "2023.07.22"]
[EventType "swiss"]
[EventRounds "10"]
[EventCountry "CAN"]

1. e4 c5 2. Nf3 Nc6 3. d4 cxd4 4. Nxd4 g6 5. c4 Bg7 6. Be3 Nf6 7. Nc3 O-O 8.
Be2 d6 9. O-O Bd7 10. Nc2 Ne5 11. Rc1 Rc8 12. b3 a6 13. Kh1 b5 14. f4 Neg4 15.
Bg1 h5 16. h3 Nh6 17. Qe1 Bc6 18. Bf3 bxc4 19. bxc4 Nd7 20. Rd1 Qc7 21. Ne3
Rfe8 22. g4 Qa5 23. Ne2 Qxe1 24. Rdxe1 hxg4 25. hxg4 f6 26. Nd4 Ba8 27. Ne6 Nf7
28. Nd5 Bxd5 29. cxd5 Rc2 30. Re2 Rec8 31. Nd4 R2c3 32. Nc6 Kf8 33. Rb2 Nd8 34.
Nd4 Nc5 35. Rb6 Ke8 36. Nb3 Ndb7 37. Nxc5 Nxc5 38. Bxc5 dxc5 39. Rxa6 c4 40. g5
Re3 41. gxf6 Bxf6 42. e5 c3 43. Bg4 Rc4 44. Ra8+ Kf7 45. Be6+ Kg7 46. exf6+
exf6 47. Rg8+ Kh7 48. Rc8 Rd4 49. Kg2 Rd2+ 50. Rf2 f5 51. a4 Rdd3 52. a5 Rg3+
53. Kh1 Rd1+ 54. Kh2 Rg4 55. Rxc3 Rgg1 56. Rcc2 Kh6 57. Rg2 Rgf1 58. Rcd2 1-0

[Event "CAN op"]
[Site "Calgary CAN"]
[Date "2023.07.23"]
[Round "3.9"]
[White "Haessel, Dale"]
[Black "Han, Johnathan"]
[Result "0-1"]
[WhiteElo "2201"]
[BlackElo "2404"]
[PlyCount "46"]
[EventDate "2023.07.22"]
[EventType "swiss"]
[EventRounds "10"]
[EventCountry "CAN"]

1. d4 Nf6 2. c4 e6 3. Nc3 Bb4 4. f3 c5 5. d5 O-O 6. e4 d6 7. Be3 b5 8. Kf2 a6
9. a4 bxc4 10. Bxc4 Qe7 11. Nge2 Nbd7 12. b3 Ne5 13. h3 Rb8 14. Qc2 Nfd7 15.
Rhd1 Nb6 16. Na2 exd5 17. Nxb4 dxc4 18. Na2 cxb3 19. Qxb3 Be6 20. Qc2 Nbc4 21.
Bf4 Rb2 22. Qc1 Qh4+ 23. Kf1 Bxh3 0-1

[Event "CAN op"]
[Site "Calgary CAN"]
[Date "2023.07.24"]
[Round "4.3"]
[White "Han, Johnathan"]
[Black "Gupta, Abhijeet"]
[Result "1/2-1/2"]
[WhiteElo "2404"]
[BlackElo "2629"]
[PlyCount "103"]
[EventDate "2023.07.22"]
[EventType "swiss"]
[EventRounds "10"]
[EventCountry "CAN"]

1. e4 c5 2. Nf3 d6 3. d4 cxd4 4. Nxd4 Nf6 5. Nc3 Nc6 6. Bg5 Bd7 7. Bb5 a6 8.
Nxc6 bxc6 9. Bc4 e5 10. Qd2 h6 11. Be3 Ng4 12. O-O-O Be7 13. g3 O-O 14. f4 Nxe3
15. Qxe3 Be6 16. Qd3 Rb8 17. Bxe6 fxe6 18. fxe5 Qb6 19. b3 Rfd8 20. exd6 Rxd6
21. Qc4 Kh8 22. Kb1 Rxd1+ 23. Rxd1 Bf6 24. Ne2 Qf2 25. Nf4 e5 26. Qe2 Qxe2 27.
Nxe2 Be7 28. Rd7 Ba3 29. c3 Rf8 30. Kc2 Bc5 31. b4 Be3 32. Rd3 Ba7 33. Rd6 Be3
34. Rxc6 Rd8 35. Kb3 Rd2 36. Rxa6 Rxe2 37. c4 Bf2 38. Ra8+ Kh7 39. c5 Re3+ 40.
Kc4 Rxe4+ 41. Kb5 Re2 42. c6 Rc2 43. Re8 Bd4 44. a4 Kg6 45. a5 Kf7 46. Rd8 Ke7
47. Rd7+ Ke6 48. a6 Ra2 49. Rd8 Rc2 50. Rd7 Ra2 51. Rd8 Rc2 52. Rd7 1/2-1/2

[Event "CAN op"]
[Site "Calgary CAN"]
[Date "2023.07.25"]
[Round "5.3"]
[White "Komarov, Dimittri"]
[Black "Han, Johnathan"]
[Result "1-0"]
[WhiteElo "2524"]
[BlackElo "2404"]
[PlyCount "144"]
[EventDate "2023.07.22"]
[EventType "swiss"]
[EventRounds "10"]
[EventCountry "CAN"]

1. e4 c5 2. Nf3 d6 3. Bb5+ Nd7 4. d4 cxd4 5. Qxd4 a6 6. Bxd7+ Bxd7 7. O-O e5 8.
Qd3 Rc8 9. c4 b5 10. Na3 Qb6 11. cxb5 axb5 12. Bd2 Nf6 13. Bb4 Be7 14. Rac1 Rd8
15. Rfd1 Nh5 16. Qd2 Qa6 17. Nxe5 dxe5 18. Bxe7 Kxe7 19. Qg5+ Nf6 20. Qxe5+ Qe6
21. Qc5+ Ke8 22. Nxb5 Bxb5 23. Qxb5+ Nd7 24. Rc6 Qe5 25. Rd5 Qxe4 26. Rc1 f6
27. Rcd1 Qe6 28. Rd6 Qe5 29. Qc6 Qf5 30. R6d5 Qe4 31. Rxd7 Qxc6 32. Rxd8+ Kf7
33. Rxh8 Qc2 34. Rhd8 Qxb2 35. a4 Qa3 36. R8d4 g5 37. h4 h5 38. g3 Kg6 39. Kg2
Qa2 40. R1d2 Qa3 41. Rc4 Qb3 42. Rcd4 Qa3 43. R2d3 Qa1 44. Rd2 Qa3 45. Kh2 Qa1
46. hxg5 fxg5 47. Rd6+ Kf5 48. R6d5+ Kf6 49. a5 h4 50. g4 Qa4 51. R2d4 Qa2 52.
Rf5+ Ke6 53. Re4+ Kd6 54. Ree5 Qa4 55. Rxg5 Qf4+ 56. Kg2 h3+ 57. Kxh3 Qf3+ 58.
Kh4 Qxf2+ 59. Kh5 Qf7+ 60. Kh6 Qf8+ 61. Kh7 Qf7+ 62. Rg7 Qb3 63. Rh5 Qc2+ 64.
Rg6+ Ke7 65. a6 Kf7 66. Rf5+ Ke7 67. Rg7+ Ke6 68. a7 Qh2+ 69. Kg8 Qg2 70. Rf8
Qd5 71. a8=Q Ke5+ 72. Qxd5+ Kxd5 1-0

[Event "CAN op"]
[Site "Calgary CAN"]
[Date "2023.07.26"]
[Round "6.8"]
[White "Han, Johnathan"]
[Black "Campbell, Ryan"]
[Result "1-0"]
[WhiteElo "2404"]
[BlackElo "2228"]
[PlyCount "191"]
[EventDate "2023.07.22"]
[EventType "swiss"]
[EventRounds "10"]
[EventCountry "CAN"]

1. e4 c6 2. d4 d5 3. Nd2 dxe4 4. Nxe4 Nf6 5. Nxf6+ exf6 6. c3 Bd6 7. Bd3 O-O 8.
Ne2 Re8 9. Qc2 h5 10. Be3 Nd7 11. O-O-O Nf8 12. c4 Be6 13. Kb1 Rc8 14. a3 g6
15. Nc3 f5 16. Qd2 a6 17. Rhe1 Be7 18. Be2 Bf6 19. d5 cxd5 20. Nxd5 Bxd5 21.
Qxd5 Qe7 22. Qd6 Qe4+ 23. Bd3 Qe6 24. Qxe6 fxe6 25. f3 e5 26. c5 Red8 27. Bc4+
Kg7 28. b4 Rxd1+ 29. Rxd1 Be7 30. Bc1 b5 31. Bb3 Rd8 32. Rxd8 Bxd8 33. a4 Kf6
34. a5 Ne6 35. Bd5 Nc7 36. Bb7 Ke6 37. Kc2 Be7 38. Kb3 h4 39. Be3 Bf6 40. Bf2
Be7 41. c6 Kd5 42. Be3 Bf6 43. Bb6 Kd6 44. Ba7 Bd8 45. Bb8 Kd5 46. Kc3 Kd6 47.
Bxa6 Kxc6 48. Bc8 Nd5+ 49. Kb3 Bc7 50. Ba7 Bd6 51. a6 Kc7 52. Bb7 Nxb4 53. Bf2
g5 54. Be3 g4 55. fxg4 fxg4 56. Bg5 Nc6 57. Bxh4 Na5+ 58. Kc2 Bc5 59. Bd5 Kb6
60. Be6 Kxa6 61. Bc8+ Nb7 62. Bxg4 Kb6 63. Bf3 Kc7 64. Bf6 Bd6 65. h4 Nc5 66.
h5 e4 67. h6 exf3 68. gxf3 Nd7 69. h7 Nxf6 70. h8=Q Nd5 71. Kd3 Nf4+ 72. Ke4 b4
73. Kd4 Ne6+ 74. Kc4 Kd7 75. Qh7+ Be7 76. f4 Nf8 77. Qf7 Kd8 78. Qg8 Kc7 79. f5
Nd7 80. Kb5 Bf8 81. f6 b3 82. Qxb3 Kd6 83. Qf7 Bh6 84. Qg6 Bf8 85. Qf5 Ne5 86.
Kb6 Nd7+ 87. Kb7 Nc5+ 88. Kc8 Ne6 89. Qh5 Nf4 90. Qh2 Ke5 91. Kd7 Kf5 92. Ke8
Bb4 93. Qc2+ Kg5 94. f7 Ng6 95. Qe4 Bf8 96. Qxg6+ 1-0

[Event "CAN op"]
[Site "Calgary CAN"]
[Date "2023.07.28"]
[Round "8.11"]
[White "Han, Johnathan"]
[Black "Sharma, Vishruth"]
[Result "1-0"]
[WhiteElo "2404"]
[BlackElo "2198"]
[PlyCount "103"]
[EventDate "2023.07.22"]
[EventType "swiss"]
[EventRounds "10"]
[EventCountry "CAN"]

1. e4 e5 2. Nf3 Nc6 3. Bb5 a6 4. Ba4 Nf6 5. O-O Be7 6. d3 b5 7. Bb3 d6 8. a4
Bg4 9. c3 O-O 10. Nbd2 Na5 11. Bc2 c5 12. h3 Be6 13. Re1 Qc7 14. Nf1 Nc6 15.
Ng3 Rfd8 16. Ng5 d5 17. Qf3 c4 18. Nxe6 fxe6 19. exd5 exd5 20. axb5 axb5 21.
Rxa8 Rxa8 22. dxc4 bxc4 23. Bg5 e4 24. Qd1 Qe5 25. Be3 Rb8 26. Ba4 Qe6 27. b4
Ne5 28. Qd2 Nd3 29. Rb1 Ra8 30. Bd1 Bd6 31. Ne2 Nd7 32. Nd4 Qg6 33. Bg4 Nb6 34.
Qd1 Bf4 35. Nf5 Bxe3 36. Ne7+ Kf7 37. Nxg6 Nxf2 38. Qf1 Kxg6 39. Kh2 h5 40.
Bxh5+ Kh7 41. Qe2 d4 42. cxd4 Bxd4 43. Rf1 e3 44. Bf7 g6 45. Qc2 Nd3 46. Bxc4
Nf4 47. Qe4 Nxc4 48. Qxd4 e2 49. Rxf4 e1=Q 50. Rf7+ Kh6 51. Qf4+ g5 52. Qf6+
1-0

[Event "CAN op"]
[Site "Calgary CAN"]
[Date "2023.07.29"]
[Round "9.8"]
[White "Reprintsev, Alexander"]
[Black "Han, Johnathan"]
[Result "0-1"]
[WhiteElo "2320"]
[BlackElo "2404"]
[PlyCount "149"]
[EventDate "2023.07.22"]
[EventType "swiss"]
[EventRounds "10"]
[EventCountry "CAN"]

1. e4 c5 2. Nf3 d6 3. c3 Nf6 4. Bd3 Nc6 5. Bc2 Bg4 6. h3 Bh5 7. d3 e6 8. Nbd2
d5 9. Qe2 Be7 10. Nf1 h6 11. Ng3 Bg6 12. a3 O-O 13. O-O Qc7 14. Re1 Rfc8 15.
Bd2 b5 16. Nh2 Rd8 17. Rad1 a5 18. Bc1 b4 19. f4 Bf8 20. Qf3 Nd7 21. Ng4 h5 22.
Nf2 h4 23. Nf1 Nf6 24. Nh2 c4 25. d4 dxe4 26. Nxe4 Nxe4 27. Bxe4 Bxe4 28. Qxe4
bxc3 29. bxc3 Ne7 30. Nf3 Nf5 31. Ng5 g6 32. Qf3 Rab8 33. Qg4 Rb3 34. Rxe6 fxe6
35. Nxe6 Qd7 36. Qxg6+ Ng7 37. Nxd8 Qxd8 38. f5 Qe8 39. Qg4 Qh5 40. f6 Qxg4 41.
hxg4 Ne8 42. Bg5 Rxc3 43. Bxh4 Rxa3 44. g5 Kf7 45. Rc1 Nd6 46. Be1 Kg6 47. Bd2
Ne4 48. Bf4 Bd6 49. Be5 c3 50. Rf1 Bxe5 51. dxe5 Nxg5 52. Kf2 Ra4 53. Ke3 Re4+
54. Kd3 Rxe5 55. Kxc3 Kf7 56. Kb3 Ne4 57. Ka4 Nc3+ 58. Kb3 Nd5 59. g4 Nb6 60.
Rf3 Rb5+ 61. Kc3 Rg5 62. Kd4 Rxg4+ 63. Kc5 Nd7+ 64. Kb5 Rg5+ 65. Ka6 a4 66. Rf1
Rd5 67. Rf3 Re5 68. Rf1 Nxf6 69. Rf4 Re4 70. Rf3 Ke6 71. Kb5 Nd5 72. Ra3 Kd6
73. Ka5 Kc5 74. Ra1 Nc3 75. Re1 0-1

[Event "CAN op"]
[Site "Calgary CAN"]
[Date "2023.07.30"]
[Round "10.4"]
[White "Han, Johnathan"]
[Black "Bareev, Evgeny"]
[Result "1/2-1/2"]
[WhiteElo "2404"]
[BlackElo "2721"]
[PlyCount "94"]
[EventDate "2023.07.22"]
[EventType "swiss"]
[EventRounds "10"]
[EventCountry "CAN"]

1. e4 c6 2. d4 d5 3. Nd2 dxe4 4. Nxe4 Bf5 5. Ng3 Bg6 6. h4 h6 7. Nf3 Nd7 8. h5
Bh7 9. Bd3 Bxd3 10. Qxd3 e6 11. Bd2 Ngf6 12. O-O-O Be7 13. Kb1 O-O 14. Ne4 Nxe4
15. Qxe4 Nf6 16. Qe2 Qd5 17. Ne5 Qe4 18. Qxe4 Nxe4 19. Be1 f5 20. f3 Nf6 21.
Bf2 Bd6 22. c4 Rfe8 23. Nd3 Rad8 24. b3 a6 25. Rde1 Kf7 26. Kc2 Rc8 27. a4 Nd7
28. g4 fxg4 29. fxg4 c5 30. Rhf1 cxd4 31. Bxd4+ Kg8 32. Bc3 e5 33. Nf2 Re6 34.
Ne4 Be7 35. Rd1 Nf6 36. Nxf6+ Bxf6 37. Rd5 e4 38. Bxf6 gxf6 39. Kd2 Rb6 40. Kc3
e3 41. Re1 Re8 42. Re2 Re7 43. c5 Rbe6 44. Rd6 Re5 45. Rxf6 Rxc5+ 46. Kd4 Rg5
47. Rg6+ Rxg6 1/2-1/2

[Event "CAN-ch U20"]
[Site "Toronto CAN"]
[Date "2023.07.06"]
[Round "1.1"]
[White "Han, Johnathan"]
[Black "Zhao, Jifan"]
[Result "1-0"]
[WhiteElo "2373"]
[BlackElo "2195"]
[PlyCount "57"]
[EventDate "2023.07.06"]
[EventType "swiss"]
[EventRounds "8"]
[EventCountry "CAN"]

1. e4 e6 2. d4 d5 3. Nc3 Nf6 4. e5 Nfd7 5. f4 c5 6. Nf3 Nc6 7. Be3 Be7 8. Qd2
O-O 9. dxc5 Nxc5 10. O-O-O b6 11. Nd4 Bb7 12. h4 Nxd4 13. Bxd4 Ne4 14. Qe3 Nxc3
15. Bxc3 Qc7 16. Bd4 Rac8 17. c3 Bc5 18. g4 Bxd4 19. Rxd4 b5 20. Bxb5 Qa5 21.
Ba4 Qb6 22. Bb3 a5 23. f5 Qd8 24. Bc2 Rc4 25. f6 gxf6 26. Qh6 f5 27. gxf5 f6
28. Rg1+ Kf7 29. Rg7+ 1-0

[Event "CAN-ch U20"]
[Site "Toronto CAN"]
[Date "2023.07.06"]
[Round "2.1"]
[White "Zhu, Matthew"]
[Black "Han, Johnathan"]
[Result "0-1"]
[WhiteElo "2127"]
[BlackElo "2373"]
[PlyCount "92"]
[EventDate "2023.07.06"]
[EventType "swiss"]
[EventRounds "8"]
[EventCountry "CAN"]

1. e4 c5 2. Nf3 d6 3. Bb5+ Nd7 4. d4 cxd4 5. Qxd4 a6 6. Be2 Ngf6 7. c4 g6 8.
Nc3 Bg7 9. O-O O-O 10. h3 b6 11. Rd1 Bb7 12. Qe3 Qc7 13. Rb1 Rac8 14. Nd2 Rfe8
15. Qg3 Nc5 16. Qe3 Ncd7 17. Qf4 Qb8 18. a3 Qa8 19. b4 b5 20. Bb2 bxc4 21. Bxc4
Ne5 22. Be2 Nfd7 23. Qe3 e6 24. Qg3 Nf6 25. f4 Ned7 26. Qe3 e5 27. Qd3 exf4 28.
Qxd6 Ne5 29. Nf3 Qa7+ 30. Kh2 Neg4+ 31. hxg4 Nxg4+ 32. Kh1 Bxc3 33. Bxc3 Rxc3
34. Rdc1 Rxc1+ 35. Rxc1 Qe3 36. Re1 Bxe4 37. Bd3 Qxd3 38. Qxf4 Qd7 39. Qg3 Bxf3
40. Rxe8+ Qxe8 41. gxf3 Nf6 42. Qd6 Qe6 43. Qb8+ Kg7 44. a4 Qe1+ 45. Kg2 Qe2+
46. Kg1 Qd1+ 0-1

[Event "CAN-ch U20"]
[Site "Toronto CAN"]
[Date "2023.07.07"]
[Round "4.1"]
[White "Chen, Max"]
[Black "Han, Johnathan"]
[Result "1-0"]
[WhiteElo "2335"]
[BlackElo "2373"]
[PlyCount "119"]
[EventDate "2023.07.06"]
[EventType "swiss"]
[EventRounds "8"]
[EventCountry "CAN"]

1. e4 c5 2. Nf3 d6 3. c3 Nf6 4. Be2 Bd7 5. e5 dxe5 6. Nxe5 Nc6 7. Nxd7 Qxd7 8.
O-O e6 9. d3 Be7 10. Nd2 O-O 11. Nf3 Rfd8 12. Re1 h6 13. Bf1 Rac8 14. Qb3 Nd5
15. Bd2 Bf6 16. Rad1 Qc7 17. Bc1 a6 18. Qc4 b5 19. Qg4 Kf8 20. a3 Rd7 21. Qe4
Kg8 22. Qg4 Kf8 23. Qe4 Kg8 24. h4 Be7 25. g3 Rcd8 26. Bg2 a5 27. Nh2 Bf8 28.
c4 bxc4 29. dxc4 Nde7 30. Rxd7 Rxd7 31. Nf3 Nf5 32. Bd2 Nfd4 33. Bc3 Rd8 34.
Rd1 Qb6 35. Nxd4 Nxd4 36. Rd2 Nf5 37. Qc6 Qb8 38. Qb5 Qc8 39. Qxa5 Rxd2 40.
Bxd2 Qd7 41. Qc3 Be7 42. b4 Bf6 43. Qc2 Qd4 44. Bf4 Nxh4 45. b5 Ng6 46. Bc7 Ne5
47. b6 Qa1+ 48. Kh2 Ng4+ 49. Kh3 Qd4 50. f3 Ne3 51. Qe4 Qd2 52. f4 g5 53. fxg5
hxg5 54. b7 g4+ 55. Kh2 Nxg2 56. b8=Q+ Kg7 57. Qxg4+ Bg5 58. Be5+ f6 59. Qb7+
Kg6 60. Qxg2 1-0

[Event "CAN-ch U20"]
[Site "Toronto CAN"]
[Date "2023.07.08"]
[Round "5.3"]
[White "Han, Johnathan"]
[Black "Wu, Nolan"]
[Result "1-0"]
[WhiteElo "2373"]
[BlackElo "1821"]
[PlyCount "49"]
[EventDate "2023.07.06"]
[EventType "swiss"]
[EventRounds "8"]
[EventCountry "CAN"]

1. e4 c5 2. Nf3 d6 3. d4 cxd4 4. Nxd4 Nf6 5. Nc3 g6 6. Be3 Bg7 7. f3 O-O 8. Qd2
Nc6 9. O-O-O d5 10. exd5 Nxd5 11. Nxc6 bxc6 12. Bd4 e5 13. Bc5 Re8 14. Ne4 Qc7
15. h4 Be6 16. h5 f5 17. Ng5 Rab8 18. hxg6 hxg6 19. Bc4 e4 20. Bb3 e3 21. Bxe3
Nxe3 22. Nxe6 Rxb3 23. Nxg7 Rxb2 24. Nxe8 Qb6 25. Rh8+ 1-0

[Event "CAN-ch U20"]
[Site "Toronto CAN"]
[Date "2023.07.08"]
[Round "6.1"]
[White "Han, Johnathan"]
[Black "Demchenko, Svitlana"]
[Result "1-0"]
[WhiteElo "2373"]
[BlackElo "2301"]
[PlyCount "163"]
[EventDate "2023.07.06"]
[EventType "swiss"]
[EventRounds "8"]
[EventCountry "CAN"]

1. e4 e5 2. Nf3 Nc6 3. Bb5 a6 4. Ba4 Nf6 5. O-O d6 6. Re1 g6 7. d4 b5 8. Bb3
Bg4 9. c3 Bg7 10. h3 Bd7 11. Nbd2 O-O 12. Nf1 h6 13. Ng3 Re8 14. Be3 Na5 15.
Bc2 Nc4 16. Bc1 Qe7 17. b3 Nb6 18. Be3 Rad8 19. Qe2 Bc8 20. d5 c5 21. a4 Bd7
22. axb5 axb5 23. Nd2 Rb8 24. Bd3 Rec8 25. Ra5 Qd8 26. Ra2 Qe8 27. Rea1 Ra8 28.
Qf1 h5 29. Rxa8 Rxa8 30. Rxa8 Nxa8 31. Qa1 Qb8 32. Qa6 Ne8 33. c4 b4 34. f4 Bh6
35. Ne2 Nac7 36. Qa1 Qd8 37. Qe1 Qf6 38. Qg3 Ng7 39. Qf3 exf4 40. Nxf4 Nce8 41.
Bf1 Kh7 42. Kf2 Bg5 43. Ke2 Qe7 44. Nd3 Bf6 45. Qg3 h4 46. Qf2 Nh5 47. Kd1 Neg7
48. Be2 Ng3 49. Bf3 Kg8 50. Qe1 Ne8 51. Bf4 Bd4 52. e5 Nf5 53. exd6 Qxe1+ 54.
Kxe1 Nexd6 55. Bg4 Nb7 56. Nf3 Bc3+ 57. Kf2 Kf8 58. Nxh4 Bd4+ 59. Kf1 Ke7 60.
Nxf5+ gxf5 61. Bf3 Na5 62. Bd1 Be8 63. Bc7 Nb7 64. h4 Nd6 65. h5 Ne4 66. Bf4
Bb5 67. Bf3 Nd6 68. Ke1 Nxc4 69. bxc4 Bxc4 70. Kd2 b3 71. Be5 b2 72. Nxb2 Bxd5
73. Bxd4 Bxf3 74. gxf3 cxd4 75. Nd3 Kf6 76. Nf4 Kg5 77. Kd3 Kxf4 78. h6 Kxf3
79. h7 f4 80. h8=Q Kg2 81. Qg7+ Kf2 82. Qxf7 1-0

[Event "CAN-ch U20"]
[Site "Toronto CAN"]
[Date "2023.07.09"]
[Round "7.2"]
[White "Srinivasan, Hemant"]
[Black "Han, Johnathan"]
[Result "0-1"]
[WhiteElo "2228"]
[BlackElo "2373"]
[PlyCount "74"]
[EventDate "2023.07.06"]
[EventType "swiss"]
[EventRounds "8"]
[EventCountry "CAN"]

1. d4 Nf6 2. c4 e6 3. Nc3 Bb4 4. e3 O-O 5. Bd3 d5 6. cxd5 exd5 7. a3 Bd6 8. Qc2
a6 9. Nf3 Re8 10. O-O b6 11. e4 dxe4 12. Nxe4 h6 13. Ne5 Bb7 14. Bf4 Nxe4 15.
Bxe4 Bxe4 16. Qxe4 Nd7 17. Qf5 Qf6 18. Qxd7 Qxf4 19. g3 Qf6 20. Rac1 Rad8 21.
Qa4 a5 22. Nc6 Ra8 23. Rfe1 Re6 24. b4 h5 25. h4 g6 26. bxa5 bxa5 27. Rxe6 Qxe6
28. Ne5 c5 29. Nc6 Bxg3 30. Qc4 Bxf2+ 31. Kxf2 Qxc6 32. Qxc5 Qf6+ 33. Kg3 Re8
34. Rc3 Re4 35. Qc8+ Kg7 36. Qh3 Qf4+ 37. Kg2 Qd2+ 0-1

[Event "CAN-ch U20"]
[Site "Toronto CAN"]
[Date "2023.07.09"]
[Round "8.1"]
[White "Yuen, Noah Nathaniel"]
[Black "Han, Johnathan"]
[Result "0-1"]
[WhiteElo "2111"]
[BlackElo "2373"]
[PlyCount "138"]
[EventDate "2023.07.06"]
[EventType "swiss"]
[EventRounds "8"]
[EventCountry "CAN"]

1. d4 Nf6 2. c4 e6 3. Nf3 d5 4. Nc3 Be7 5. Bg5 h6 6. Bh4 O-O 7. e3 b6 8. Rc1
Bb7 9. Be2 c5 10. O-O Nbd7 11. cxd5 Nxd5 12. Bxe7 Qxe7 13. Nxd5 exd5 14. b3
Rfc8 15. Rc2 Nf6 16. Qa1 Rc7 17. Rfc1 Bc8 18. dxc5 bxc5 19. Qe5 Be6 20. Nd4
Rac8 21. Ba6 Rf8 22. Bb5 Rfc8 23. Ba6 Ra8 24. Bb5 a6 25. Be2 Ne8 26. Nxe6 fxe6
27. e4 Nf6 28. exd5 exd5 29. Qxe7 Rxe7 30. Kf1 Rae8 31. Bxa6 Ra8 32. Bb5 Ra3
33. Re1 Rxe1+ 34. Kxe1 Kf7 35. Kd2 Ke6 36. Ba4 c4 37. Kc3 cxb3 38. Bxb3 Kd6 39.
Kd4 Ra5 40. f3 Rb5 41. Rc3 Rb4+ 42. Kd3 Nd7 43. Kc2 Nc5 44. g3 Rb8 45. h4 g5
46. h5 Re8 47. Kd2 Ra8 48. Ke2 Ra3 49. Kd2 Ra8 50. Ke2 Rb8 51. Kd2 g4 52. Ke3
Rb4 53. Ke2 gxf3+ 54. Kxf3 Ne4 55. Rd3 Nf6 56. a3 Rb8 57. g4 Ke5 58. Bd1 Rb2
59. a4 Ne4 60. Be2 Ra2 61. Ke3 Rxa4 62. Bf3 d4+ 63. Ke2 Ra2+ 64. Kf1 Nc5 65.
Rd1 d3 66. g5 hxg5 67. h6 Kf4 68. h7 Rh2 69. h8=N Kxf3 0-1

[Event "World op"]
[Site "Philadelphia USA"]
[Date "2023.07.01"]
[Round "2"]
[White "Khamrakulov, Djurabek"]
[Black "Han, Johnathan"]
[Result "1/2-1/2"]
[WhiteElo "2490"]
[BlackElo "2140"]
[PlyCount "103"]
[EventDate "2023.06.30"]
[EventType "swiss"]
[EventRounds "9"]
[EventCountry "USA"]
[Source "ChessMix "]
[SourceDate "2023.07.10"]

1. e4 c5 2. c3 d5 3. exd5 Qxd5 4. d4 Nf6 5. Nf3 e6 6. Na3 Nc6 7. Be3 cxd4 8.
Nb5 Qd7 9. Nbxd4 Be7 10. Qa4 Nxd4 11. Qxd4 O-O 12. Bc4 Rd8 13. O-O-O Qxd4 14.
Rxd4 Rxd4 15. Bxd4 b6 16. Nd2 Bb7 17. f3 Rc8 18. Kc2 Bc5 19. Bxc5 Rxc5 20. Re1
g5 21. Re2 Kg7 22. a3 h5 23. Bd3 h4 24. Nb3 Rc7 25. Nd4 Rd7 26. g3 Nh5 27. Rg2
Kf6 28. Be4 Bxe4+ 29. fxe4 hxg3 30. hxg3 Kg6 31. b4 Nf6 32. Re2 Ng4 33. e5 Nh6
34. Re4 g4 35. c4 Nf5 36. Kc3 Kg5 37. Nxf5 exf5 38. Rf4 Rd1 39. c5 bxc5 40.
bxc5 Rg1 41. Rd4 Rxg3+ 42. Kd2 Rh3 43. c6 Rh8 44. c7 Rc8 45. Rd7 Kf4 46. Re7
Ke4 47. Ke2 g3 48. Rxf7 g2 49. Kf2 Rg8 50. Kg1 Kxe5 51. Rg7 Rc8 52. Kxg2
1/2-1/2

[Event "World op"]
[Site "Philadelphia USA"]
[Date "2023.07.01"]
[Round "3"]
[White "Cruz, Cristhian"]
[Black "Han, Johnathan"]
[Result "1-0"]
[WhiteElo "2522"]
[BlackElo "2140"]
[PlyCount "75"]
[EventDate "2023.06.30"]
[EventType "swiss"]
[EventRounds "9"]
[EventCountry "USA"]
[Source "ChessMix "]
[SourceDate "2023.07.10"]

1. d4 Nf6 2. c4 e6 3. Nf3 d5 4. Nc3 Be7 5. Bf4 O-O 6. e3 c5 7. dxc5 Bxc5 8. a3
Nc6 9. Qc2 Qa5 10. Rd1 Be7 11. Be2 Ne4 12. cxd5 Nxc3 13. bxc3 exd5 14. O-O Bf6
15. c4 Be6 16. Bg5 dxc4 17. Bxf6 gxf6 18. Bxc4 Qc5 19. Rc1 Qxc4 20. Qxc4 Bxc4
21. Rxc4 Rfd8 22. Rb1 Rd3 23. g3 Rxa3 24. Rxb7 Nd8 25. Rd7 a5 26. Nh4 Rb3 27.
Nf5 Rb5 28. Nd6 Rb1+ 29. Kg2 a4 30. Rg4+ Kf8 31. Re4 Rbb8 32. Re8+ Kg7 33. Nf5+
Kg6 34. Ne7+ Kh6 35. Rg8 Ra5 36. Rdxd8 Rxd8 37. Rxd8 a3 38. Rd1 1-0

[Event "Eastern Ontario op"]
[Site "Ottawa CAN"]
[Date "2023.06.16"]
[Round "1.2"]
[White "Shi, Michael"]
[Black "Han, Johnathan"]
[Result "0-1"]
[WhiteElo "2020"]
[BlackElo "2379"]
[PlyCount "100"]
[EventDate "2023.06.16"]
[EventType "swiss"]
[EventRounds "5"]
[EventCountry "CAN"]

1. e4 c5 2. Nf3 d6 3. Bb5+ Nd7 4. O-O a6 5. Bxd7+ Bxd7 6. d4 cxd4 7. Qxd4 e5 8.
Qd3 Rc8 9. Nc3 h6 10. Be3 Nf6 11. Nd2 Qc7 12. f4 Be7 13. Rad1 b5 14. a3 Bc6 15.
h3 O-O 16. Nf3 Rcd8 17. Rfe1 Rfe8 18. Bc1 Qb7 19. Nh2 exf4 20. Bxf4 Bf8 21. Qg3
Nxe4 22. Nxe4 Bxe4 23. Ng4 Kh8 24. Re2 d5 25. Be5 Kh7 26. Bd4 Qc6 27. Ne5 Qc7
28. Qh4 g5 29. Qh5 Rxe5 30. Bxe5 Qxe5 31. Qxf7+ Bg7 32. c3 Rf8 33. Qa7 Qf6 34.
Rf2 Qxf2+ 35. Qxf2 Rxf2 36. Kxf2 Bf8 37. b4 h5 38. g3 Bg7 39. Rc1 g4 40. hxg4
hxg4 41. Ke2 Kg6 42. Kf2 Be5 43. Ke3 Kh5 44. Kf2 Kg5 45. a4 bxa4 46. c4 a3 47.
c5 a2 48. c6 a1=Q 49. Rxa1 Bxa1 50. c7 Bf5 0-1

[Event "Eastern Ontario op"]
[Site "Ottawa CAN"]
[Date "2023.06.17"]
[Round "2.2"]
[White "Han, Johnathan"]
[Black "Qian, Eric"]
[Result "0-1"]
[WhiteElo "2379"]
[BlackElo "2100"]
[PlyCount "160"]
[EventDate "2023.06.16"]
[EventType "swiss"]
[EventRounds "5"]
[EventCountry "CAN"]

1. e4 c5 2. Nf3 d6 3. d4 cxd4 4. Nxd4 Nf6 5. Nc3 a6 6. Bg5 Nbd7 7. Qe2 h6 8.
Bh4 g6 9. f4 e5 10. fxe5 dxe5 11. O-O-O Qc7 12. Nb3 Bg7 13. Qf3 O-O 14. g4 b5
15. a3 Bb7 16. Kb1 Rac8 17. Bd3 Qb6 18. Be1 Qe6 19. Rg1 Nb6 20. Na5 Ba8 21. h4
Nfd7 22. Bf1 Nc5 23. g5 hxg5 24. Bh3 g4 25. Bxg4 f5 26. Bh3 Qf6 27. Qg3 Nxe4
28. Qxg6 Qxg6 29. Rxg6 Nc4 30. Nxc4 Rxc4 31. Rd7 Rf7 32. Rxf7 Kxf7 33. Bxf5
Nxc3+ 34. Bxc3 Bf6 35. h5 Be4 36. Bxe4 Rxe4 37. Rh6 Kg7 38. Rg6+ Kf7 39. Ba5
Rf4 40. Bd2 Rf2 41. Bg5 Rf1+ 42. Ka2 Rf5 43. Bxf6 Rxf6 44. Rg5 Ke6 45. Kb3 Rh6
46. Kb4 Kf6 47. Rg8 Rxh5 48. Ra8 Rh4+ 49. Kb3 Ra4 50. Ka2 Ke6 51. b4 Kd6 52.
Kb3 a5 53. Ra6+ Kc7 54. bxa5 Rc4 55. Re6 Rc5 56. a6 Kb8 57. Re7 Ka8 58. Rb7 e4
59. Re7 Rc6 60. Rxe4 Rxa6 61. a4 Rb6 62. a5 Rb7 63. Kb4 Ka7 64. c3 Ka6 65. Re6+
Ka7 66. Rc6 Rb8 67. Kc5 Rb7 68. Kb4 Rb8 69. a6 Rh8 70. Kxb5 Rh5+ 71. Kb4 Rh4+
72. c4 Rh5 73. Rg6 Rf5 74. c5 Rf1 75. Kb5 Rb1+ 76. Kc6 Kxa6 77. Kd7+ Ka7 78. c6
Rd1+ 79. Kc8 Rh1 80. Kd7 Rh7+ {Time.} 0-1

[Event "Eastern Ontario op"]
[Site "Ottawa CAN"]
[Date "2023.06.17"]
[Round "3.4"]
[White "Hughes-Dupuy, Henry"]
[Black "Han, Johnathan"]
[Result "0-1"]
[WhiteElo "1898"]
[BlackElo "2379"]
[PlyCount "74"]
[EventDate "2023.06.16"]
[EventType "swiss"]
[EventRounds "5"]
[EventCountry "CAN"]

1. c4 Nf6 2. Nc3 e6 3. g3 d5 4. d4 Be7 5. Nf3 O-O 6. Bg2 dxc4 7. Ne5 c5 8. dxc5
Qxd1+ 9. Nxd1 Bxc5 10. Nxc4 Nc6 11. O-O Nd5 12. e4 Nde7 13. Be3 Bxe3 14. Ndxe3
e5 15. Rfd1 f6 16. Nd6 Nd4 17. Bf1 Rd8 18. Nb5 Nec6 19. Rac1 Bd7 20. Bc4+ Kf8
21. Kg2 Rac8 22. h3 Na5 23. Na3 Nxc4 24. Naxc4 b6 25. Nd5 Bb5 26. Nce3 Be2 27.
Re1 Bf3+ 28. Kf1 Bxe4 29. Nc3 Bb7 30. Nc2 Nf3 31. Red1 Nd2+ 32. Ke1 Nc4 33.
Rxd8+ Rxd8 34. b3 Nb2 35. Kf1 Ba6+ 36. Kg2 Nd3 37. Rd1 Rc8 0-1

[Event "Eastern Ontario op"]
[Site "Ottawa CAN"]
[Date "2023.06.18"]
[Round "4.3"]
[White "Han, Johnathan"]
[Black "Kellar, Ben"]
[Result "1-0"]
[WhiteElo "2379"]
[BlackElo "2059"]
[PlyCount "45"]
[EventDate "2023.06.16"]
[EventType "swiss"]
[EventRounds "5"]
[EventCountry "CAN"]

1. e4 c5 2. Nf3 g6 3. d4 Bg7 4. Nc3 Qa5 5. Be3 Nf6 6. Qd2 Nc6 7. d5 Nb4 8. e5
Ne4 9. Nxe4 Nxc2+ 10. Kd1 Qxd2+ 11. Kxd2 Nxa1 12. d6 b6 13. dxe7 Kxe7 14. Bg5+
Kf8 15. Nd6 h6 16. Bf6 Rh7 17. h4 a5 18. Bd3 a4 19. h5 a3 20. hxg6 fxg6 21. Nh4
Ba6 22. Nxg6+ Kg8 23. Ne7+ 1-0